Encuestas de opinión de carácter electoral (Registro nro. 302810)

Detalles MARC
000 -ENCABEZADO
Número de control [NR] 01079 a2200265 4500
005 - FECHA Y HORA DE LA ÚLTIMA TRANSACCIÓN
control field 20181023114357.0
008 - DE LONGITUD FIJA DE DATOS DE ELEMENTOS - INFORMACIÓN GENERAL
Elementos de longitud fija [NR] 160307s1994 ck ad||gr|||| 00| 0 spa d
040 ## - FUENTE DE CATALOGACION [NR]
Agencia de catalogación original [NR] CO-BoUCM
Idioma de catalogación [NR] spa
Quien Cataloga Sandra Palacio
Quien Clasifica Sandra Palacio
041 0# - CODIGO DE IDIOMA [R]
Código de idioma para texto/pista de sonido o título separado [R] Español
110 1# - ASIENTO PRINCIPAL--NOMBRE CORPORATIVO [NR]
Nombre corporativo o de jurisdicción como elemento de entrada [NR] Organización electoral. Colombia
Unidad subordinada [R] Consejo Nacional Electoral
ID de autoridad 76062
111 1# - ASIENTO PRINCIPAL--NOMBRE DE REUNION [NR]
Nombre de reunión o de jurisdicción como elemento de entrada [NR] I Foro sobre encuestas de opinión de caracter electoral
Fecha de la reunión [NR] Agosto 1993
9 (RLIN) 76063
245 10 - MENCION DE TITULO [NR]
Título [NR] Encuestas de opinión de carácter electoral
Parte restante del título [NR] Primer foro
260 ## - PUBLICACION, DISTRIBUCION, ETC. (PIE DE IMPRENTA) [R]
Nombre del editor, distribuidor, etc. [R] Consejo Nacional Electoral
Fecha de publicación, distribución, etc. [R] 1994
Lugar de publicación, distribución, etc. [R] Bogotá (Colombia)
300 ## - DESCRIPCION FISICA [R]
Extensión [R] 236 páginas
Otros detalles físicos [NR] ilustraciones, tablas y gráficas
490 0# - MENCION DE SERIE [R]
Mención de serie [R] Memorias
500 ## - NOTA GENERAL [R]
Nota general [NR] Incluye índice
650 #7 - ASIENTO SECUNDARIO DE MATERIA - TERMINO TEMATICO [R]
9 (RLIN) 13957
Término temático o nombre geográfico como elemento de entrada [NR] Elecciones
Subdivisión general [R] Legislación
Subdivisión geográfica [R] Colombia
650 #7 - ASIENTO SECUNDARIO DE MATERIA - TERMINO TEMATICO [R]
9 (RLIN) 24927
Término temático o nombre geográfico como elemento de entrada [NR] Sufragio
Subdivisión general [R] Legislación
Subdivisión geográfica [R] Colombia
650 #7 - ASIENTO SECUNDARIO DE MATERIA - TERMINO TEMATICO [R]
9 (RLIN) 13957
Término temático o nombre geográfico como elemento de entrada [NR] Elecciones
Subdivisión general [R] Encuestas
690 ## - ASUNTO AGREGADO LOCAL DE ENTRADA - TÉRMINO TEMÁTICO (OCLC, RLIN)
Acceso temático local Ciencia política
9 (RLIN) 340
700 1# - ASIENTO SECUNDARIO - NOMBRE PERSONAL [R]
Nombre personal [NR] Carvajal, Luis
Término de relación [R] compilador
9 (RLIN) 76064
700 1# - ASIENTO SECUNDARIO - NOMBRE PERSONAL [R]
Nombre personal [NR] Sánchez David, Ruben
Término de relación [R] compilador
9 (RLIN) 76065
942 ## - ELEMENTOS DE ENTRADA AGREGADOS (KOHA)
Tipo de ítem principal el descrito en 300a Libro
Sistema de clasificación DEWEY
Tema principal Ciencia política
Edición 1
Clasificación 324.861
Parte restante de la signatura top. E563en
Título oculto en OPAC No
Existencias
Signatura topográfica Código de barras Última vez visto Ejemplar Costo de reposición Price effective from Tipo de ítem Perdido Sistema de clasificación Dañado No prestable Tipo de ítem específico Suprimido Ubicación habitual Ubicación actual Localización Fecha de creación Proveedor Forma de adquisición Costo
324.861 E563en 100148859 06/06/2024 Ej.1 26000.00 24/02/2016 Libro   DEWEY     Libro   Bodega Bodega 3er piso 24/02/2016 12 Donación 0.00